000 00308nam a2200133Ia 4500
008 100328s9999 xx 000 0 und d
082 _b54938
100 _aNath Suresh
245 _aMudra Rakshasa
260 _bS.Chand & Company
630 _aMudra Rakshasa
730 _aMudra Rakshasa
942 _cBOOK
999 _c541640
_d541637